Nādir fātiḥ-i Dihlī. (Record no. 49466)

MARC details
000 -LEADER
fixed length control field 00573cam a22002171 4500
001 - CONTROL NUMBER
control field ne 67000536
003 - CONTROL NUMBER IDENTIFIER
control field DLC
005 - DATE AND TIME OF LATEST TRANSACTION
control field 20260227111830.0
008 - FIXED-LENGTH DATA ELEMENTS--GENERAL INFORMATION
fixed length control field 890402s1957 xx a 000 0 per
010 ## - LIBRARY OF CONGRESS CONTROL NUMBER
LC control number ne 67000536
035 ## - SYSTEM CONTROL NUMBER
System control number (OCoLC)23555439
040 ## - CATALOGING SOURCE
Original cataloging agency DLC
Transcribing agency MiU
Modifying agency DLC
042 ## - AUTHENTICATION CODE
Authentication code premarc
050 00 - LIBRARY OF CONGRESS CALL NUMBER
Classification number DS294
Item number .S2
100 2# - MAIN ENTRY--PERSONAL NAME
Personal name Ṣanʻatīźādah Kirmānī, ʻAbd al-Ḥusayn.
245 10 - TITLE STATEMENT
Title Nādir fātiḥ-i Dihlī.
260 ## - PUBLICATION, DISTRIBUTION, ETC.
Date of publication, distribution, etc. [1957]
300 ## - PHYSICAL DESCRIPTION
Extent 500 p.
Other physical details illus.
Dimensions 25 cm.
500 ## - GENERAL NOTE
General note Romanized.
600 00 - SUBJECT ADDED ENTRY--PERSONAL NAME
Personal name Nādir Shāh,
Titles and other words associated with a name Shah of Iran,
Dates associated with a name 1688-1747.

No items available.

Powered by Koha